Sebapoznávanie a poznávanie druhých - základná zručnosť manažéra
Gespeichert in:
| 1. Verfasser: | |
|---|---|
| Körperschaft: | |
| Format: | Buch |
| Sprache: | Slowakisch |
| Veröffentlicht: |
Banská Bystrica
BELIANUM
2022
|
| Ausgabe: | 1. vydanie |
| Schlagworte: | |
| Tags: |
Keine Tags, Fügen Sie das erste Tag hinzu!
|
MARC
| LEADER | 00000nam a2200000 4500 | ||
|---|---|---|---|
| 001 | 0283305 | ||
| 005 | 20240416114150.3 | ||
| 020 | |a 978-80-557-1946-7 | ||
| 041 | 0 | |a slo | |
| 044 | |a SK | ||
| 245 | 1 | 0 | |a Sebapoznávanie a poznávanie druhých - základná zručnosť manažéra |c Marianna Šramková |
| 250 | |a 1. vydanie | ||
| 264 | 1 | |a Banská Bystrica |b BELIANUM |c 2022 | |
| 300 | |a 63 s. | ||
| 610 | 2 | 0 | |a psychológia |
| 610 | 2 | 0 | |a manažéri |
| 610 | 2 | 0 | |a zručnosti sociálne |
| 610 | 2 | 0 | |a osobnosť |
| 610 | 2 | 0 | |a schopnosti pracovné |
| 100 | 1 | |a Šramková, Marianna | |
| 710 | 2 | |a Univerzita Mateja Bela v Banskej Bystrici. Ekonomická fakulta | |